[Event "IECC Swiss-508.4"]
[Site "IECC email"]
[Date "2007.06.25"]
[Round "?"]
[White "Stothard, David E"]
[Black "Agnew, George Hartwell"]
[Result "1-0"]
[WhiteElo "1563"]
[BlackElo "1023"]
[PlyCount "35"]
[EventDate "2007.??.??"]
[EventType "swiss (corr)"]
[EventRounds "1"]
[SourceTitle "Corr 2011"]
[Source "ChessBase"]
[SourceDate "2010.08.31"]
[SourceVersion "1"]
[SourceVersionDate "2010.08.31"]
[SourceQuality "1"]
[WhiteTeam "US of America"]
[BlackTeam "Hungary"]
[WhiteTeamCountry "USA"]
[BlackTeamCountry "HUN"]

1. d4 d5 2. Nf3 Bf5 3. c4 e6 4. Qb3 b6 5. Nc3 dxc4 6. Qa4+ c6 7. e4 Bg4 8. Ne5 b5 9. Nxb5 cxb5 10. Qxb5+ Nd7 11. Nxg4 Rb8 12. Qa4 h5 13. Ne5 Bb4+ 14. Kd1 Ngf6 15. Nc6 Qc7 16. Nxb8 Qxb8 17. f3 0-0 18. e5 1-0

[Event "IECC Swiss-508.3"]
[Site "IECC email"]
[Date "2007.01.08"]
[Round "?"]
[White "Bol, Hans"]
[Black "Stothard, David E"]
[Result "1-0"]
[WhiteElo "1629"]
[BlackElo "1576"]
[PlyCount "63"]
[EventDate "2007.??.??"]
[EventType "swiss (corr)"]
[EventRounds "1"]
[SourceTitle "Corr 2008"]
[Source "ChessBase"]
[SourceDate "2008.06.24"]
[SourceVersion "1"]
[SourceVersionDate "2008.06.24"]
[SourceQuality "1"]
[WhiteTeam "Hungary"]
[BlackTeam "England"]
[WhiteTeamCountry "HUN"]
[BlackTeamCountry "ENG"]

1. e4 e6 2. d4 d5 3. Nd2 dxe4 4. Nxe4 Be7 5. Nf3 Nf6 6. Nxf6+ Bxf6 7. c3 b6 8. Bb5+ c6 9. Bd3 Bb7 10. Bf4 Nd7 11. Qe2 Be7 12. 0-0-0 Nf6 13. Ne5 Nd5 14. Bd2 Qc7 15. h4 c5 16. Bb5+ Kf8 17. Kb1 a6 18. Bd3 cxd4 19. cxd4 Qd6 20. h5 Nf6 21. h6 g6 22. f3 Qxd4 23. Bc3 Qa4 24. Ng4 Bd5 25. b3 Qf4 26. Be5 Qg5 27. Bxf6 Bxf6 28. f4 Qxf4 29. Rhf1 Qg3 30. Nxf6 Qxg2 31. Qe5 Rc8 32. Qd6# 1-0

[Event "IECG RB.2002.0.00010"]
[Site "IECG email"]
[Date "2002.02.28"]
[Round "?"]
[White "Stothard, David E"]
[Black "Seiler, Peter"]
[Result "0-1"]
[WhiteElo "1800"]
[BlackElo "1990"]
[PlyCount "20"]
[EventDate "2002.02.28"]
[EventType "tourn (corr)"]
[EventRounds "6"]
[SourceTitle "Corr 2008"]
[Source "ChessBase"]
[SourceDate "2008.06.24"]
[SourceVersion "1"]
[SourceVersionDate "2008.06.24"]
[SourceQuality "1"]

1. d4 Nf6 2. c4 e6 3. Nc3 Bb4 4. e3 0-0 5. a3 Bxc3+ 6. bxc3 c5 7. Bd3 Nc6 8. Ne2 b6 9. 0-0 Ba6 10. f3 Na5 0-1

[Event "IECG QB.2002.0.00014"]
[Site "IECG email"]
[Date "2002.01.29"]
[Round "?"]
[White "Brayman, Neal Zvi"]
[Black "Stothard, David E"]
[Result "1-0"]
[WhiteElo "1843"]
[BlackElo "1800"]
[PlyCount "37"]
[EventDate "2002.01.29"]
[EventType "tourn (corr)"]
[EventRounds "6"]
[SourceTitle "Corr 2008"]
[Source "ChessBase"]
[SourceDate "2008.06.24"]
[SourceVersion "1"]
[SourceVersionDate "2008.06.24"]
[SourceQuality "1"]

1. e4 c5 2. Nc3 Nc6 3. Nge2 g6 4. d4 cxd4 5. Nxd4 Bg7 6. Be3 Nf6 7. Bc4 Qa5 8. 0-0 0-0 9. Nb3 Qc7 10. f4 d6 11. Be2 b6 12. g4 Bb7 13. g5 Nd7 14. Nb5 Qd8 15. c3 Nc5 16. Bf3 a6 17. Na3 b5 18. Nxc5 dxc5 19. Bxc5 1-0